Principales agences spatiales - Statistiques

Statistiques générales
  • Ce quiz a été pris 54 fois
  • Le résultat moyen est 11 sur 16
Statistiques - réponses
Sigle Pays % Correct
NASA Etats Unis
100%
CNES France
98%
JAXA Japon
96%
ROSCOSMOS Russie
94%
CNSA Chine
85%
ESA Europe
81%
DLR Allemagne
79%
ISRO Inde
79%
ASI Italie
79%
UKSA Royaume-Uni
77%
CSA Canada
74%
UAESA Emirats Arabes Unis
53%
KASA Corée du sud
51%
ISA Israel
43%
ISA Iran
32%
ASAL Algérie
15%
Aucun quiz correspondant
Distribution des résultats
% des personnes avec chaque résultat
Percentile par nombre de réponses
Votre historique - résultats
Vous n’avez pas pris ce quiz